000 01017nam a2200301Ia 4500
003 GCL
008 140319s9999 xx 000 0 ara d
020 _a9015810977
040 _aGCL /
_cGCL
082 0 4 _a020
_bد ع
100 1 _aمحمد فتحى عبدالهادى
245 1 0 _aعلم المعلومات و التكامل المعرفى /
_cمحمد فتحى عبدالهادى
700 1 _aاحمد انور بدر
700 1 _aديبونز، انتونى
700 1 _aهورن،استر
700 1 _aكرونينويز، سكوت
260 _aالقاهرة :
_bدار قباء للطباعة والنشر والتوزيع ،
_c1998
300 _a344 ص ؛
_c24 سم
490 _a
650 0 4 _aالمعلومات
650 0 4 _aعلم المعلومات
650 0 4 _aالمكتبات
650 0 4 _aالمكتبات، علم
650 0 4 _aالمعلومات، علم
650 0 4 _aالاتصال (علم)
650 0 4 _aالاتصال - العصر الحديث
942 _2ddc
_cBK
999 _c34783
_d34783